LEADER 00995nam1 2200349 450 001 990000556840203316 035 $a0055684 035 $aUSA010055684 035 $a(ALEPH)000055684USA01 035 $a0055684 100 $a20010710d1974----km-y0itay0103----ba 101 $aita 102 $aIT 105 $a||||||||001yy 200 1 $aGuida all'insegnamento della matematica 210 $aTorino$cBoringhieri$d1974-1978 215 $av.$d21 cm 225 2 $aDidattica, proposte ed esperienze 410 $12001$aDidattica, proposte ed esperienze 676 $a372.7 700 1$aSAWYER,$bWalter Warwick$066903 801 0$aIT$bsalbc$gISBD 912 $a990000556840203316 951 $a372.7 SAW$bSM$c372.7 959 $aBK 969 $aSCI 979 $aPATTY$b90$c20010710$lUSA01$h1652 979 $aPATTY$b90$c20010710$lUSA01$h1652 979 $c20020403$lUSA01$h1705 979 $aPATRY$b90$c20040406$lUSA01$h1639 996 $aIntroducing mathematics$924931 997 $aUNISA LEADER 00966nam0-22003371i-450- 001 990003088640403321 035 $a000308864 035 $aFED01000308864 035 $a(Aleph)000308864FED01 035 $a000308864 100 $a20000920d1996----km-y0itay50------ba 101 0 $aita 102 $aIT 200 1 $a<>grande trasformazione civile$eKarl Polanyi e il nostro tempo$fAlberto Tulumello. 210 $aPalermo$cL'Epos$d1996. 215 $a294 p.$d24 cm 225 1 $aModelli di sviluppo$v3 610 0 $aAzione sociale 610 0 $aMutamento sociale$aFilosofia economica 610 0 $aPolanyi, Karl 610 0 $aWelfare State 700 1$aTulumello,$bAlberto$0123285 702 1$aPolanyi,$bKarl$f<1886-1964> 801 0$aIT$bUNINA$gRICA$2UNIMARC 901 $aBK 912 $a990003088640403321 952 $a17100 TUL$b17712$fSES 959 $aSES 996 $aGrande trasformazione civile$9459349 997 $aUNINA DB $aING01